Circulating cornea specific antibodies and keratoplasty

Bibliographic Details
Main Authors: Kostelná, Helga (Author), Horňák, Marek (Author), Juhás, Tomáš, 1954- (Author), Paulíková, Edita (Author), Rosocha, Ján, 1960-2022 (Author), Starostová, Mária (Author)
Format: Article
Language:English

MARC

LEADER 00000nab a2200000uu 4500
001 vtls011444578
003 SK-MaSNL
005 20260303190431.0
008 230213|2008 xo |||||||||||||||||eng|
015 |a SNBRB 
035 |a (urnnbn)urn:nbn:sk:snk:ar-003l5i 
035 |a (uuid)ae1518f6-962c-46b4-ab6f-7b8ec8d42987 
035 |a urn:nbn:sk:snk-abci3t 
040 |a SNKBUCL  |b slo  |c SNKBUCL  |e AACR2 
041 0 |a eng 
044 |a xo  |c SK 
100 1 |a Kostelná, Helga  |4 aut  |9 427874 
245 1 0 |a Circulating cornea specific antibodies and keratoplasty  |c Helga Kostelná, Ján Rosocha, Edita Paulíková, Mária Starostová, Tomáš Juhás, Marek Horňák 
700 1 |a Horňák, Marek  |4 aut  |9 22022 
700 1 |a Juhás, Tomáš,  |d 1954-  |4 aut  |9 207991 
700 1 |a Paulíková, Edita  |4 aut  |9 735542 
700 1 |a Rosocha, Ján,  |d 1960-2022  |4 aut  |9 224562 
700 1 |a Starostová, Mária  |4 aut  |9 1218758 
773 0 |t Biologia : journal of the Slovak Academy of Sciences  |g Roč. 63, č. 1 (2008), s. [132]-137 
954 |a odborná, vedecká literatúra pôvodná (slovenská)  |2 lita 
958 |a OND 
958 |a EUIPO 
958 |a article16 
999 |c 2136227  |d 2138157